| 000 | 01134cam a2200349 i 4500 | ||
|---|---|---|---|
| 001 | 2705566 | ||
| 003 | OSt | ||
| 005 | 20140310184446.0 | ||
| 008 | 760519s1976 nyua c 000 1 eng | ||
| 010 | _a 76002287 | ||
| 020 |
_a0803774737 : _c$7.95 |
||
| 040 |
_aDLC _cDLC _dDLC |
||
| 042 | _alcac | ||
| 050 | 0 | 0 |
_aPZ 7 _b.T21723Ro 1976 |
| 100 | 1 |
_aTaylor, Mildred D. _918415 |
|
| 245 | 1 | 0 |
_aRoll of thunder, hear my cry / _cMildred D. Taylor ; frontispiece by Jerry Pinkney. |
| 260 |
_aNew York : _bScholastic Inc. _c1976. |
||
| 300 |
_a210 p. : _bill. ; _c22 cm. |
||
| 500 | _aSequel: Let the circle be unbroken. | ||
| 521 | _aG7 | ||
| 526 | _c920 | ||
| 650 | 0 |
_aAfrican Americans _vJuvenile fiction. _927751 |
|
| 650 | 0 |
_aLogan family (Fictitious characters : Taylor) _vFiction. _927752 |
|
| 650 | 1 |
_aAfrican Americans _vFiction. _927753 |
|
| 650 | 1 |
_aPrejudices _vFiction. _927754 |
|
| 650 | 1 |
_aDepressions _y1929 _vFiction. _927755 |
|
| 651 | 1 |
_aMississippi _xRace relations _vFiction. _927756 |
|
| 906 |
_a7 _bcbc _corignew _d1 _eocip _f19 _gy-gencatlg |
||
| 942 |
_2lcc _cBK-SCHOLAS |
||
| 999 |
_c34513 _d34513 |
||